| 000 | 01228nac a22001931u 4500 | ||
|---|---|---|---|
| 008 | 100524t xxu||||| |||| 00| 0 eng d | ||
| 082 |
_a781.65 _bGOR _222 |
||
| 100 |
_aG., Kenny _914227 _qGorelick, Kenny |
||
| 245 |
_aBreathless / _cKenny Gorelick |
||
| 260 |
_aNew York, N.Y. : _bArista, 1992 _c1992 |
||
| 300 |
_a1 Sound disc : _bdigital, stereo. ; _c4 3/4 in. + _e1 booklet |
||
| 505 | _aThe joy of life (4:19) -- Forever in love (4:58) -- In the rain (4:59) -- Sentimental (6:34) -- By the time this night is over (with Peabo Bryson, vocals) (4:45) -- End of the night (5:21) -- Alone (5:24) -- Morning (5:13) -- Even if my heart would break (with Aaron Neville, vocals) (4:58) -- G-bop (4:05) -- Sister Rose (6:13) -- A year ago (5:15) -- Homeland (4:32) -- The wedding song (3:21). | ||
| 511 | _aKenny G., saxophones, with assisting instrumentalists and vocalists | ||
| 650 |
_aJazz _914234 _y1991-2000. |
||
| 700 |
_914251 _aNeville, Aaron _d1941- _eprf |
||
| 700 |
_914250 _aBryson, Peabo _eprf |
||
| 942 |
_cCDR _k781.65 GOR _2ddc |
||
| 999 |
_c4974 _d4974 |
||